000 00511nam a22001575i 4500
001 155245
003 ES-MaACL
005 20230906210015.0
008 040719s1889 fr |||| | fre d
040 _aCAM
_bspa
_cCAM
100 1 _aHennique, Léon.
_9127853
245 1 3 _aUn caractère /
_cLéon Hennique.
260 _aParis :
_bTresse & Stock, éditeurs,
_c1889 (
_eDijon :
_fImprimerie Darantière)
300 _a308 p. ;
_c18 cm.
852 _aES-MaACL
_jD-3781
_z-- Enc. hol., conservando la cub. original
999 _c155245
_d155245